Electrical welding : A Practical text covering the fundamentals principles and applications of the various types of electric arc welding, including the use of power tube rectifier (Record no. 1132)

000 -LEADER
fixed length control field 00539nam a22001457a 4500
008 - FIXED-LENGTH DATA ELEMENTS--GENERAL INFORMATION
fixed length control field 200110b ||||| |||| 00| 0 eng d
082 00 - DEWEY DECIMAL CLASSIFICATION NUMBER
Classification number 671
Item number P866
100 ## - MAIN ENTRY--PERSONAL NAME
9 (RLIN) 709
Personal name Potter, Morgan H.
245 10 - TITLE STATEMENT
Title Electrical welding : A Practical text covering the fundamentals principles and applications of the various types of electric arc welding, including the use of power tube rectifier
260 ## - PUBLICATION, DISTRIBUTION, ETC. (IMPRINT)
Place of publication, distribution, etc London
Name of publisher, distributor, etc American Technical Society
Date of publication, distribution, etc 1950
300 ## - PHYSICAL DESCRIPTION
Extent 77p.
365 ## - TRADE PRICE
Unit of pricing 7.09
650 #0 - SUBJECT ADDED ENTRY--TOPICAL TERM
Topical term or geographic name as entry element Electric Welding
942 ## - ADDED ENTRY ELEMENTS (KOHA)
Item type Books
Holdings
Withdrawn status Lost status Source of classification or shelving scheme Damaged status Not for loan Permanent location Current location Date acquired Source of acquisition Full call number Barcode Date last seen Koha item type
          IMU Kolkata IMU Kolkata 1952-12-20 Wheeler 671 P866 00935 2020-01-10 Books
          IMU Kolkata IMU Kolkata 1952-12-20 Wheeler 671 P866 00936 2020-01-10 Books
Designed and Maintained by IMU-KC Library, Kolkata Campus © Copyright All Rights Reserved

webs counters

Powered by Koha